|
|
|
|
| LEADER |
01553nam a2200445 a 4500 |
| 001 |
EBC242060 |
| 003 |
MiAaPQ |
| 005 |
20200520144314.0 |
| 006 |
m o d | |
| 007 |
cr cn||||||||| |
| 008 |
011203s2002 enka sb 001 0 eng |
| 015 |
|
|
|a GBA1-71385
|
| 016 |
7 |
|
|a 0415237211
|2 Uk
|
| 020 |
|
|
|z 0415237211(cased)
|
| 020 |
|
|
|z 041523722X(pbk.)
|
| 035 |
|
|
|a (MiAaPQ)EBC242060
|
| 035 |
|
|
|a (Au-PeEL)EBL242060
|
| 035 |
|
|
|a (CaPaEBR)ebr5003309
|
| 035 |
|
|
|a (CaONFJC)MIL14858
|
| 035 |
|
|
|a (OCoLC)935227475
|
| 040 |
|
|
|a MiAaPQ
|c MiAaPQ
|d MiAaPQ
|
| 041 |
1 |
|
|a eng
|h fre
|
| 050 |
|
4 |
|a HD87
|b .T44513 2002
|
| 082 |
0 |
4 |
|a 338.9
|2 21
|
| 130 |
0 |
|
|a Theorie de la regulation.
|l English.
|
| 245 |
1 |
0 |
|a Regulation theory
|h [electronic resource] :
|b the state of the art /
|c edited by Robert Boyer and Yves Saillard ; translated by Carolyn Shread.
|
| 250 |
|
|
|a [Updated ed.].
|
| 260 |
|
|
|a London :
|b Routledge,
|c 2002.
|
| 300 |
|
|
|a xiii, 386 p. :
|b ill.
|
| 504 |
|
|
|a Includes bibliographical references and index.
|
| 533 |
|
|
|a Electronic reproduction. Ann Arbor, MI : ProQuest, 2015. Available via World Wide Web. Access may be limited to ProQuest affiliated libraries.
|
| 546 |
|
|
|a Translated from the French.
|
| 650 |
|
0 |
|a Economic policy.
|
| 650 |
|
0 |
|a Capitalism.
|
| 650 |
|
0 |
|a Equilibrium (Economics)
|
| 655 |
|
4 |
|a Electronic books.
|
| 700 |
1 |
|
|a Boyer, Robert.
|
| 700 |
1 |
|
|a Saillard, Yves.
|
| 710 |
2 |
|
|a ProQuest (Firm)
|
| 856 |
4 |
0 |
|u https://ebookcentral.proquest.com/lib/matrademy/detail.action?docID=242060
|z Click to View
|